Personas Fs̕icas con actividades empresariales 2015

Detalles Bibliográficos
Autor principal: Luna Guerra, Antonio
Formato: eBook
Lenguaje:español
Publicado: Mx̌ico D.F.: Ediciones Fiscales ISEF, 2015
Materias:
Acceso en línea:Acceso restringido

MARC

LEADER 00000nam a22000007a 4500
005 20150202173021.0
007 cr|||| ||||
008 150202s2015 mx |||||s|||| 00||0 spa d
020 |a 978-368-726-843-7 
035 |a 12591 
040 |a vLex 
090 |c 5343  |d 5343 
100 1 |a Luna Guerra, Antonio 
245 1 0 |a Personas Fs̕icas con actividades empresariales 2015  |h [Recurso electrn̤ico] /  |c Antonio Luna Guerra  
256 |a Servicio en ln̕ea 
260 |a Mx̌ico D.F.:  |b Ediciones Fiscales ISEF,  |c 2015 
300 |a 1 recurso electrn̤ico 
650 0 4 |a Derecho fiscal  |z Mx̌ico 
650 0 4 |a Actividades empresariales  |z Mx̌ico 
740 0 |a vLex Libros (Servicio en ln̕ea) 
856 4 0 |u http://vlex.com/source/personas-fisicas-actividades-empresariales-2015-12591  |z Acceso restringido 
942 |c BOOK 
999 0 |a Taxation